000 00325nam a2200085Ia 4500
008 220120s9999||||xx |||||||||||||| ||und||
100 _aSithara, Shrudha Ponnappa, Dhanushree and Muhammed Jeslin
_912718
245 3 _aAn experimental study on laterite and ground granulated blas
260 _aCoorg Institute of Technology
_bPonnampet
999 _c138318
_d138318